000 00360nam a2200145Ia 4500
008 150201s2002 xx 000 0 und d
082 _a617.6
_bS2002P
100 _aMOHINI PURI
245 _aSYNOPSIS OF DENTAL MATERIALS
250 _a1ST
260 _bR.LALL BOOK DEPOT
_aMEERUT(U.P)
_c2002
300 _a1-392
650 _aDENTAL MATERIAL
942 _2ddc
_cBK
999 _c2570
_d2570